000 002950000a22000970004500
100 1 _aWick, Peter
245 1 0 _aThe sermon on the mount : Authoritative synagogal interpretation of the Torah
300 _aVol. 5, Núm 1 (1996), Páginas 9-13
773 0 _tEuropean Journal of Theology
942 _cANA
999 _c54048
_d54048